000 00747cam a2200253 a 4500
001 000009424
005 20200929161605.0
008 800204s1999 mx 000 p spa d
020 _a9681905822
035 _a(DLC) 79124263
040 _aDO-SdBNP
_bspa
_cDLC
_dBNPHU
082 _aU861.44
_bB462co
100 1 _aBenedetti, Mario,
_d1920-2009.
_911959
245 1 0 _aCotidianas :
_b(1978-1979) /
_cMario Benedetti.
260 _aMéxico :
_bAlfaguara,
_c1999.
300 _a139 p. ;
_c20 cm.
490 1 _aBiblioteca Mario Benedetti
650 4 _aPoesía uruguaya
_93846
650 4 _aLiteratura uruguaya
_ySIGLO XX
_916336
830 0 _aBiblioteca Mario Benedetti.
_924217
910 _aCatalogación derivada
910 _aWM
049 _aBNGR
999 _c9184
_d9184